000 00441nam a2200169 i 4500
001 135586
003 ES-MaACL
005 20230906194918.0
007 t|
008 070719s1926 sp ||||1| spa d
080 _a821.134.2(72)-14"19"
100 1 _aTorres Bodet, Jaime.
_9110929
245 1 0 _aPoesías /
_cJaime Torres Bodet.
260 _aMadrid :
_bEspasa-Calpe,
_c1926.
300 _a142 p. ;
_c19 cm.
852 _aES-MaACL
_jF-2311
999 _c135586
_d135586